| 000 | 00857nam a2200277Ia 4500 | ||
|---|---|---|---|
| 001 | Para_3692 | ||
| 003 | CHAP | ||
| 008 | 220125s1946 xx 000 0 und d | ||
| 010 | _a199610 | ||
| 040 | _cCHAP | ||
| 082 | _aPA-C 632.951 S67 | ||
| 100 |
_aEwart W. H _939014 |
||
| 245 |
_aSuggestions for the use of DDT during the summer season for the control of Citricola scale and citrus thrips in central California / _c W. H. Ewart |
||
| 260 |
_aRiverside, Calif. : _b University of California |
||
| 300 | _a3 h. | ||
| 440 |
_aNews letter; 28 _9164836 |
||
| 500 | _aEncuadernado con otros impresos similares | ||
| 650 |
_aDDT (insecticida) _931376 |
||
| 901 | _aPA-C 632.951 S67 | ||
| 902 | _aA | ||
| 905 | _a0000001946 RIV 0000000000 00 | ||
| 910 | _a1946 | ||
| 942 | _cPARA | ||
| 942 |
_cPARA _d1 |
||
| 999 |
_c199610 _d199610 |
||